Statistics for Countries with the most Area in the Southern Hemisphere

Click here to take the quiz!

General Stats

  • This quiz has been taken 26,221 times
  • The average score is 17 of 20

Answer Stats

Area Country % Correct
7,692,024Australia
100%
7,887,350Brazil
98%
2,780,400Argentina
98%
1,221,037South Africa
97%
756,102Chile
96%
270,467New Zealand
93%
1,408,742Indonesia
91%
1,620,885D. R. Congo
88%
1,270,000Peru
86%
1,098,581Bolivia
82%
825,615Namibia
81%
390,757Zimbabwe
81%
406,752Paraguay
81%
1,246,700Angola
78%
587,041Madagascar
78%
801,590Mozambique
78%
752,612Zambia
77%
945,087Tanzania
76%
581,730Botswana
76%
462,840Papua New Guinea
68%

Score Distribution

Percentile by Number Answered

Percent of People with Each Score

Your Score History

You have not taken this quiz